000 00292nam a22001217a 4500
008 170823b xxu||||| |||| 00| 0 eng d
041 _aeng
080 _a51
100 _a38
101 _aMAT
245 _aTHE THEORY OFDETERMINANTS, MATRICES, AND INVARIANTS
_cTURNBULL,H.W
942 _2udc
_cBK
999 _c24678
_d24678